000 00642nam a22002057a 4500
005 20251108172708.0
008 250721s2003 xx 000 0 ara d
082 1 4 _a215.2/نجف
100 1 _aالنجفي، أسامة
_eمؤلف
245 1 0 _aفي رحاب الحق :
_bردا على أبي الفتوح عبد الله /
264 1 _aبيروت :
_bدار القاريء،
_c2003.
300 _a617ص
650 1 7 _aالفرق الإسلامية
650 1 7 _aالشيعة
650 1 7 _aفقه الشيعة
650 1 7 _aالإمامة عند الشيعة
650 1 7 _aعلم الكلام
942 _2ddc
_cBK
999 _c86177
_d86177